[Event "Belgrade Spring op"]
[Site "Belgrade"]
[Date "2010.03.25"]
[Round "3"]
[White "Andrijevic, Milan"]
[Black "Maksimovic, Marko"]
[Result "1-0"]
[WhiteElo "2368"]
[BlackElo "2217"]
[PlyCount "119"]
[EventDate "2010.03.23"]
[EventType "swiss"]
[EventRounds "9"]
[EventCountry "YUG"]
[SourceTitle "OM OTB B 201907"]
[Source "Opening Master"]
[SourceDate "2019.07.06"]
[SourceVersion "2"]
[SourceVersionDate "2019.07.06"]
[SourceQuality "1"]

1. e4 c5 2. Nf3 d6 3. d4 cxd4 4. Nxd4 Nf6 5. Nc3 Nc6 6. Be2 e5 7. Nb3 Be7 8.
Be3 O-O 9. O-O a5 10. a3 a4 11. Nc1 Be6 12. Bf3 Qa5 13. Nd5 Bxd5 14. exd5 Nb8
15. c4 Nbd7 16. b4 axb3 17. Nxb3 Qc7 18. Qd3 Ra4 19. Be2 Rfa8 20. Bc1 e4 21.
Qe3 Ne5 22. Nd2 Qc5 23. Qxc5 dxc5 24. Rb1 Rb8 25. Rb5 b6 26. Bb2 Bd6 27. Rb1
Ra6 28. Bc1 Ned7 29. g3 Re8 30. Nf1 g6 31. Ne3 h5 32. Bd1 Kg7 33. Kg2 Be5 34.
a4 Rh8 35. h3 Ne8 36. Bb2 Bxb2 37. R5xb2 f5 38. d6 Nef6 39. Rd2 Kf7 40. Bc2 Ke6
41. f4 Rd8 42. Nd5 Nxd5 43. Rxd5 Re8 44. Rbd1 Ra7 45. g4 hxg4 46. hxg4 Rh8 47.
Rg1 Rh4 48. gxf5+ gxf5 49. Kf1 Rxf4+ 50. Ke2 Nf6 51. Rg6 Rd7 52. a5 Kf7 53.
Rxf6+ Kxf6 54. axb6 Ke6 55. Rxc5 Kxd6 56. Rc8 Rh7 57. Ke3 Rf3+ 58. Kd4 e3 59.
c5+ Ke6 60. Rc6+ 1-0

[Event "FICS rated standard game"]
[Site "FICS freechess.org"]
[Date "2010.03.24"]
[Round "?"]
[White "ylgdc"]
[Black "gbassi"]
[Result "0-1"]
[WhiteElo "2053"]
[BlackElo "2077"]
[PlyCount "22"]
[EventDate "2010.??.??"]

1. e4 c5 2. Nf3 Nc6 3. d4 cxd4 4. Nxd4 Nf6 5. Nc3 d6 6. Be2 e5 7. Nb3 Be7 8.
O-O O-O 9. Kh1 a5 10. a4 Be6 11. Be3 d5 0-1

[Event "Ruhrgebiet VL1 0910"]
[Site "Germany"]
[Date "2010.03.21"]
[Round "8.6"]
[White "Jacubowski, Andreas"]
[Black "Koerber, Matthias"]
[Result "1/2-1/2"]
[WhiteElo "2139"]
[BlackElo "1898"]
[PlyCount "68"]
[EventDate "2009.09.06"]
[EventType "team-tourn"]
[EventRounds "9"]
[EventCountry "GER"]
[SourceTitle "OM OTB B 201907"]
[Source "Opening Master"]
[SourceDate "2019.07.06"]
[SourceVersion "2"]
[SourceVersionDate "2019.07.06"]
[SourceQuality "1"]

1. e4 c5 2. Nf3 d6 3. d4 cxd4 4. Nxd4 Nf6 5. Nc3 Nc6 6. Be2 e5 7. Nf3 h6 8. O-O
Be7 9. h3 O-O 10. Be3 Be6 11. Qd2 d5 12. exd5 Nxd5 13. Nxd5 Qxd5 14. Qxd5 Bxd5
15. Rfd1 Be6 16. a3 Rac8 17. Bb5 a6 18. Bxc6 Rxc6 19. c3 f6 20. Rd2 Rcc8 21.
Bb6 Kf7 22. Re1 Rfe8 23. Nh2 Bd8 24. Bxd8 Rexd8 25. Red1 Ke7 26. Rxd8 Rxd8 27.
Rxd8 Kxd8 28. Nf1 Kd7 29. Nd2 f5 30. h4 Kd6 31. Kf1 Bd5 32. g3 Kc5 33. Ke2 g5
34. Kd3 b6 1/2-1/2

[Event "HUN-chT2 Szechenyi 0910"]
[Site "Hungary"]
[Date "2010.03.21"]
[Round "8.3"]
[White "Soponyai, Andras"]
[Black "Gaber, Jozsef"]
[Result "0-1"]
[WhiteElo "2060"]
[BlackElo "2120"]
[PlyCount "77"]
[EventDate "2009.11.08"]
[EventType "team-tourn"]
[EventRounds "11"]
[EventCountry "HUN"]
[SourceTitle "OM OTB B 201907"]
[Source "Opening Master"]
[SourceDate "2019.07.06"]
[SourceVersion "2"]
[SourceVersionDate "2019.07.06"]
[SourceQuality "1"]

1. e4 c5 2. Nf3 d6 3. d4 cxd4 4. Nxd4 Nf6 5. Nc3 Nc6 6. Be2 e5 7. Nb3 Be7 8.
Be3 O-O 9. f3 Be6 10. Qd2 a5 11. a4 Nb4 12. O-O Rc8 13. Bb5 d5 14. exd5 Nfxd5
15. Nxd5 Qxd5 16. c4 Qxd2 17. Bxd2 b6 18. Bxb4 Bxb4 19. Rac1 Rfd8 20. Rc2 Bf5
21. Rcf2 Kf8 22. g4 Bg6 23. f4 Bd3 24. fxe5 Bxf1 25. Rxf1 Ke7 26. Kg2 Rd3 27.
Rf3 Rcd8 28. c5 Rxf3 29. Kxf3 Bxc5 30. Nxc5 bxc5 31. Bc4 Rd2 32. b3 Rxh2 33.
Kg3 Rd2 34. Kf4 Rd4+ 35. Kf3 f6 36. exf6+ Kxf6 37. Bg8 h6 38. Bc4 Kg5 39. Be6
0-1

[Event "Oberliga Nord W 0910"]
[Site "Germany"]
[Date "2010.03.21"]
[Round "8.2"]
[White "Izrailev, Alexander"]
[Black "Meins, Gerlef"]
[Result "1/2-1/2"]
[WhiteElo "2330"]
[BlackElo "2488"]
[PlyCount "94"]
[EventDate "2009.10.18"]
[EventType "team-tourn"]
[EventRounds "9"]
[EventCountry "GER"]
[SourceTitle "OM OTB B 201907"]
[Source "Opening Master"]
[SourceDate "2019.07.06"]
[SourceVersion "2"]
[SourceVersionDate "2019.07.06"]
[SourceQuality "1"]

1. e4 c5 2. Nf3 Nc6 3. d4 cxd4 4. Nxd4 Nf6 5. Nc3 d6 6. Be2 e5 7. Nf3 h6 8. O-O
Be7 9. h3 O-O 10. Re1 Be6 11. Nh2 d5 12. exd5 Nxd5 13. Nxd5 Qxd5 14. Ng4 Rfd8
15. Qxd5 Bxd5 16. c3 f5 17. Ne3 Be6 18. g4 g6 19. Bc4 Kf7 20. Bxe6+ Kxe6 21.
Nc4 Rd5 22. Bxh6 Rh8 23. g5 b5 24. Nxe5 Nxe5 25. f4 Bf8 26. Bxf8 Rxf8 27. a4 b4
28. cxb4 Rc8 29. b5 Rc2 30. Rxe5+ Rxe5 31. fxe5 Rxb2 32. Rc1 Kxe5 33. Rc4 Ra2
34. h4 f4 35. Rc5+ Kd4 36. Rc6 Ke3 37. Rc3+ Kd4 38. Rh3 Ke5 39. h5 gxh5 40.
Rxh5 Kf5 41. g6+ Kxg6 42. Rc5 Rxa4 43. Kf2 Ra3 44. b6 axb6 45. Rc6+ Kf5 46.
Rxb6 Ra2+ 47. Kf3 Ra3+ 1/2-1/2

[Event "FICS rated standard game"]
[Site "FICS freechess.org"]
[Date "2010.03.20"]
[Round "?"]
[White "martybailey"]
[Black "GriffySr"]
[Result "0-1"]
[WhiteElo "2100"]
[BlackElo "2081"]
[PlyCount "60"]
[EventDate "2010.??.??"]

1. e4 c5 2. Nf3 d6 3. d4 cxd4 4. Nxd4 Nf6 5. Nc3 Nc6 6. Be2 e5 7. Nb3 Be7 8.
Be3 a5 9. a4 O-O 10. O-O Nb4 11. f4 Be6 12. Bf3 exf4 13. Bxf4 Nxc2 14. Qxc2
Qb6+ 15. Kh1 Bxb3 16. Qd2 Rac8 17. Rfc1 Rfe8 18. Nb5 Rxc1+ 19. Rxc1 Bxa4 20.
Nxd6 Bxd6 21. Bxd6 Nxe4 22. Bxe4 Rxe4 23. Rc8+ Be8 24. h3 Qb5 25. Qc3 Qf1+ 26.
Kh2 Re2 27. Qf3 Qxf3 28. Rxe8+ Rxe8 29. gxf3 Re2+ 30. Kg3 Rxb2 0-1

[Event "Kemerovo-ch"]
[Site "Kemerovo"]
[Date "2010.03.16"]
[Round "3"]
[White "Starkov, S."]
[Black "Storozhev, Nikolai"]
[Result "1-0"]
[WhiteElo "2246"]
[BlackElo "2060"]
[PlyCount "87"]
[EventDate "2010.03.15"]
[EventType "swiss"]
[EventRounds "9"]
[EventCountry "RUS"]
[SourceTitle "OM OTB B 201907"]
[Source "Opening Master"]
[SourceDate "2019.07.06"]
[SourceVersion "2"]
[SourceVersionDate "2019.07.06"]
[SourceQuality "1"]

1. e4 c5 2. Nf3 Nc6 3. d4 cxd4 4. Nxd4 Nf6 5. Nc3 d6 6. Be2 e5 7. Nb3 Be7 8.
O-O O-O 9. Kh1 a5 10. a4 Be6 11. f4 exf4 12. Bxf4 Ne5 13. Nd4 Qd7 14. Qe1 Rac8
15. Qg3 Ng6 16. Rad1 Bc4 17. Bxc4 Rxc4 18. Qd3 Rfc8 19. Bg3 Ne5 20. Bxe5 dxe5
21. Nf5 Qe6 22. Nd5 Bf8 23. Nxf6+ Qxf6 24. c3 Qe6 25. Ne3 Rxa4 26. Nd5 Ra2 27.
Qb1 Ra4 28. b3 Ra3 29. Rd3 Qa6 30. Qd1 Ra2 31. c4 a4 32. Rdf3 Qg6 33. Rg3 Qh6
34. Nf6+ Kh8 35. Qd7 gxf6 36. Qxc8 axb3 37. Rxb3 Rf2 38. Rg1 f5 39. Rf3 Rb2 40.
exf5 e4 41. Rh3 Qd6 42. f6 Rb6 43. Qe8 Rc6 44. Qxf7 1-0

[Event "CZE-chT2A 0910"]
[Site "Czechia"]
[Date "2010.03.14"]
[Round "9.3"]
[White "Pokorny, Milan"]
[Black "Herejk, Petr"]
[Result "1/2-1/2"]
[WhiteElo "2196"]
[BlackElo "2194"]
[PlyCount "97"]
[EventDate "2009.10.18"]
[EventType "team-tourn"]
[EventRounds "11"]
[EventCountry "CZE"]
[SourceTitle "OM OTB B 201907"]
[Source "Opening Master"]
[SourceDate "2019.07.06"]
[SourceVersion "2"]
[SourceVersionDate "2019.07.06"]
[SourceQuality "1"]

1. e4 c5 2. Nf3 d6 3. d4 cxd4 4. Nxd4 Nf6 5. Nc3 Nc6 6. Be2 e5 7. Nb3 Be6 8.
Be3 Be7 9. O-O O-O 10. Qd2 d5 11. exd5 Nxd5 12. Nxd5 Qxd5 13. Rfd1 Qxd2 14.
Rxd2 Rad8 15. Rad1 Rxd2 16. Rxd2 Rd8 17. Rxd8+ Bxd8 18. Nc5 Bc8 19. c3 Be7 20.
Bc4 Kf8 21. Kf1 b6 22. Nb3 Bd6 23. h3 Ke7 24. Ke2 h6 25. a4 f5 26. f3 Be6 27.
Nd2 Bc5 28. b4 Bxe3 29. Kxe3 Kd6 30. Kd3 Ne7 31. Bxe6 Kxe6 32. Nc4 Nd5 33. g3
Nf6 34. Nd2 g5 35. Kc4 Nd5 36. a5 Kd6 37. axb6 axb6 38. Kb5 Nxc3+ 39. Kxb6 Kd5
40. Ka5 Kd4 41. g4 fxg4 42. hxg4 Ke3 43. Nc4+ Kf4 44. b5 Nxb5 45. Kxb5 e4 46.
fxe4 Kxe4 47. Nd6+ Kf4 48. Nf7 Kxg4 49. Nxh6+ 1/2-1/2

[Event "Mazowiec-chT 0910"]
[Site "Mazowsze"]
[Date "2010.03.14"]
[Round "8.3"]
[White "Kania, Wlodzimierz"]
[Black "Sujkowski, Pawel"]
[Result "0-1"]
[WhiteElo "1875"]
[BlackElo "1921"]
[PlyCount "82"]
[EventDate "2009.11.29"]
[EventType "team-tourn"]
[EventRounds "11"]
[EventCountry "POL"]
[SourceTitle "OM OTB B 201907"]
[Source "Opening Master"]
[SourceDate "2019.07.06"]
[SourceVersion "2"]
[SourceVersionDate "2019.07.06"]
[SourceQuality "1"]

1. e4 c5 2. Nf3 Nc6 3. d4 cxd4 4. Nxd4 Nf6 5. Nc3 d6 6. Be2 e5 7. Nb3 Be7 8.
O-O O-O 9. Be3 a5 10. a4 Nb4 11. f4 Bd7 12. Bd3 Ng4 13. Qe2 Be6 14. f5 Nxe3 15.
Qxe3 Bxb3 16. cxb3 d5 17. exd5 Nxd5 18. Qg3 Nf4 19. Bc4 Qb6+ 20. Kh1 Rad8 21.
Rad1 Qc6 22. Bb5 Qb6 23. Qf3 Rxd1 24. Rxd1 Rd8 25. Rxd8+ Bxd8 26. Nd5 Qd4 27.
Nxf4 exf4 28. Bc4 Bb6 29. Qf1 g6 30. fxg6 hxg6 31. Qb1 Kg7 32. Qc1 f6 33. h3
Kh6 34. Qe1 g5 35. Qb1 Qf2 36. Qf1 Qe3 37. Bd5 g4 38. Bxb7 Kg5 39. hxg4 f5 40.
Bf3 fxg4 41. Bd1 Bc5 0-1

[Event "S13B"]
[Site "Internet Chess Club"]
[Date "2010.03.13"]
[Round "10"]
[White "Michelangelo"]
[Black "cuack89"]
[Result "0-1"]
[WhiteElo "2094"]
[BlackElo "2475"]
[PlyCount "80"]
[EventDate "2010.??.??"]
[EventType "swiss"]
[EventRounds "12"]

1. e4 c5 2. Nf3 d6 3. d4 cxd4 4. Nxd4 Nf6 5. Nc3 Nc6 6. Be2 e5 7. Nb3 Be7 8.
Be3 O-O 9. g4 Be6 10. g5 Nd7 11. Rg1 a5 12. a3 Nb6 13. Bxb6 Qxb6 14. Nd5 Bxd5
15. exd5 Nd4 16. Nxd4 exd4 17. b3 Rfe8 18. Kf1 Bf8 19. Bd3 g6 20. Qf3 Bg7 21.
h4 Re5 22. Rg4 Qc5 23. Rf4 Re7 24. Kg2 Rae8 25. Rh1 Be5 26. Re4 Qxa3 27. h5 Qc5
28. hxg6 fxg6 29. Reh4 Rf8 30. Qh3 Qc8 31. Rxh7 Qxh3+ 32. R7xh3 Rf4 33. f3 Bg7
34. Kf2 Re5 35. Rg3 Kf7 36. Re1 b6 37. Rxe5 dxe5 38. Be4 Bf8 39. Ke2 Be7 40.
Kd3 Rh4 0-1

[Event "CZE-ch U20"]
[Site "Kouty nad Desnou"]
[Date "2010.03.10"]
[Round "7"]
[White "Pecha, Tomas"]
[Black "Nguyen, Dinh Phong"]
[Result "1/2-1/2"]
[WhiteElo "2233"]
[BlackElo "2192"]
[PlyCount "41"]
[EventDate "2010.03.05"]
[EventType "tourn"]
[EventRounds "11"]
[EventCountry "CZE"]
[EventCategory "2"]
[SourceTitle "OM OTB B 201907"]
[Source "Opening Master"]
[SourceDate "2019.07.06"]
[SourceVersion "2"]
[SourceVersionDate "2019.07.06"]
[SourceQuality "1"]

1. e4 c5 2. Nf3 d6 3. d4 cxd4 4. Nxd4 Nf6 5. Nc3 Nc6 6. Be2 e5 7. Nf3 h6 8. O-O
Be7 9. b3 O-O 10. Bb2 Be6 11. Re1 Rc8 12. h3 a6 13. Bd3 Nb4 14. Ne2 Nxe4 15.
Bxe4 d5 16. Nxe5 dxe4 17. c3 Nd3 18. Nxd3 exd3 19. Nd4 Bc5 20. Qxd3 Bxd4 21.
cxd4 1/2-1/2

[Event "BUL-ch U20 Girls"]
[Site "Sofia"]
[Date "2010.03.10"]
[Round "4"]
[White "Vladimirova, Maria"]
[Black "Ivanova, Simoneta"]
[Result "1-0"]
[WhiteElo "2038"]
[BlackElo "1816"]
[PlyCount "81"]
[EventDate "2010.03.08"]
[EventType "tourn"]
[EventRounds "9"]
[EventCountry "BUL"]
[SourceTitle "OM OTB B 201907"]
[Source "Opening Master"]
[SourceDate "2019.07.06"]
[SourceVersion "2"]
[SourceVersionDate "2019.07.06"]
[SourceQuality "1"]

1. e4 c5 2. Nf3 Nc6 3. d4 cxd4 4. Nxd4 d6 5. Nc3 Nf6 6. Be2 e5 7. Nf3 Be7 8.
O-O O-O 9. h3 h6 10. Bc4 Na5 11. Bd5 Nxd5 12. Nxd5 Be6 13. b3 Bxd5 14. Qxd5 Rc8
15. c4 Nc6 16. Rd1 Qc7 17. Ba3 Rfd8 18. Rd2 a5 19. Rad1 Nb4 20. Qb5 Na6 21. Rd5
Qb8 22. Qxa5 Nc7 23. Bxd6 b6 24. Bxc7 Qxc7 25. Qb5 Bc5 26. Nxe5 Re8 27. Qd7
Qxd7 28. Nxd7 Rxe4 29. Nxc5 bxc5 30. Rd8+ Rxd8 31. Rxd8+ Kh7 32. Kf1 Re7 33.
Rd5 Rc7 34. Ke2 Kg6 35. Kd3 Ra7 36. a4 Rb7 37. Kc3 Re7 38. Rxc5 Re2 39. Rd5
Rxf2 40. Rd2 Rf6 41. c5 1-0

[Event "CZE-ch U16 Girls"]
[Site "Kouty nad Desnou"]
[Date "2010.03.09"]
[Round "5"]
[White "Phamova, Xuan Mai"]
[Black "Langnerova, Karolina"]
[Result "0-1"]
[WhiteElo "1713"]
[BlackElo "1880"]
[PlyCount "110"]
[EventDate "2010.03.06"]
[EventType "swiss"]
[EventRounds "9"]
[EventCountry "CZE"]
[SourceTitle "OM OTB B 201907"]
[Source "Opening Master"]
[SourceDate "2019.07.06"]
[SourceVersion "2"]
[SourceVersionDate "2019.07.06"]
[SourceQuality "1"]

1. e4 c5 2. Nf3 Nc6 3. d4 cxd4 4. Nxd4 Nf6 5. Nc3 d6 6. Be2 e5 7. Nb3 Be7 8.
O-O O-O 9. Be3 Be6 10. f4 exf4 11. Bxf4 d5 12. exd5 Nxd5 13. Nxd5 Bxd5 14. Kh1
Bf6 15. c3 Qe7 16. Qxd5 Qxe2 17. Qd2 Qb5 18. Rad1 Rad8 19. Qf2 Rxd1 20. Rxd1
Qa4 21. Ra1 b6 22. h3 Rd8 23. Be3 Qe4 24. Qf3 Qxf3 25. gxf3 Ne5 26. Nd4 Nc4 27.
Bg1 Nxb2 28. Re1 Bxd4 29. Bxd4 Kf8 30. Rg1 f6 31. Kg2 Kf7 32. Kf2 Nc4 33. Rb1
Rd5 34. Rb4 Na5 35. Rb1 Nc6 36. Ke3 Ra5 37. Rb2 Ke6 38. Kf2 Nxd4 39. cxd4 Kd5
40. Ke3 Ra3+ 41. Kf4 Kxd4 42. Rd2+ Rd3 43. Rc2 g5+ 44. Kg3 h5 45. Rc7 Ra3 46.
Rf7 Ke5 47. Re7+ Kf5 48. Re2 g4 49. hxg4+ hxg4 50. Kf2 Rxf3+ 51. Kg2 Kf4 52.
Rb2 f5 53. Rb4+ Kg5 54. Rb5 Ra3 55. Rb2 f4 0-1

[Event "EU-ch (Women) 11th"]
[Site "Rijeka"]
[Date "2010.03.08"]
[Round "3"]
[White "Mrvova, Alena"]
[Black "Tsatsalashvili, Ketevan"]
[Result "1-0"]
[WhiteElo "2239"]
[BlackElo "2326"]
[PlyCount "115"]
[EventDate "2010.03.06"]
[EventType "swiss"]
[EventRounds "11"]
[EventCountry "CRO"]
[SourceTitle "OM OTB B 201907"]
[Source "Opening Master"]
[SourceDate "2019.07.06"]
[SourceVersion "2"]
[SourceVersionDate "2019.07.06"]
[SourceQuality "1"]

1. e4 c5 2. Nf3 d6 3. d4 cxd4 4. Nxd4 Nf6 5. Nc3 Nc6 6. Be2 e5 7. Nf3 h6 8. O-O
Be7 9. Re1 O-O 10. Bf1 Bg4 11. g3 Qd7 12. Bg2 Nh7 13. Nd5 Bg5 14. Qd3 Bxc1 15.
Raxc1 f5 16. h4 Qf7 17. exf5 Bxf5 18. Qd2 Be6 19. Nh2 Rad8 20. c3 Kh8 21. Re3
Qg8 22. b3 Nf6 23. Nxf6 Rxf6 24. Rd1 d5 25. Rd3 d4 26. cxd4 Bf5 27. d5 Bxd3 28.
Qxd3 Rfd6 29. Ng4 Nb4 30. Qf5 Nc6 31. Nxe5 Nxe5 32. Qxe5 Qe8 33. Qd4 Qe2 34.
Rd2 Qe1+ 35. Kh2 a6 36. Rc2 Qe7 37. Be4 Qf6 38. Qxf6 Rxf6 39. f3 Rfd6 40. Rd2
Kg8 41. Kg2 Kf7 42. Kf2 g6 43. Ke3 Rc8 44. Kd4 Kf6 45. g4 Rb6 46. a3 Rxb3 47.
g5+ hxg5 48. hxg5+ Ke7 49. Rh2 b5 50. Ke5 Kf7 51. Rh7+ Kg8 52. Re7 Rxa3 53. d6
Kf8 54. d7 Rd8 55. Kf6 Rc3 56. Bd5 Rb8 57. Rf7+ Kg8 58. d8=Q+ 1-0

[Event "POL-ch U18"]
[Site "Karpacz"]
[Date "2010.03.08"]
[Round "3"]
[White "Zielinski, Wojciech"]
[Black "Matuszczyk, Przemyslaw"]
[Result "1-0"]
[WhiteElo "2006"]
[BlackElo "2095"]
[PlyCount "97"]
[EventDate "2010.03.06"]
[EventType "swiss"]
[EventRounds "11"]
[EventCountry "POL"]
[SourceTitle "OM OTB B 201907"]
[Source "Opening Master"]
[SourceDate "2019.07.06"]
[SourceVersion "2"]
[SourceVersionDate "2019.07.06"]
[SourceQuality "1"]

1. e4 c5 2. Nf3 d6 3. d4 cxd4 4. Nxd4 Nf6 5. Nc3 Nc6 6. Be2 e5 7. Nb3 Be7 8.
Be3 O-O 9. O-O a5 10. Nd2 Nd4 11. Bxd4 exd4 12. Nb5 Qb6 13. a4 Be6 14. Re1 Rac8
15. b3 Qc5 16. Bd3 Ng4 17. Nf3 Bf6 18. h3 Nh6 19. Qd2 b6 20. g4 Nxg4 21. hxg4
Bxg4 22. Nh2 Bh3 23. Kh1 Qh5 24. Rg1 Rc5 25. Rae1 h6 26. Rg3 Bd7 27. Reg1 Qh4
28. f4 Kh8 29. Nxd6 g5 30. f5 Be5 31. Rg4 Qh5 32. Nc4 Bf4 33. Qg2 Bc7 34. Be2
f6 35. Rg3 Qe8 36. Rh3 Kg7 37. Ng4 Rh8 38. Nf2 Bc6 39. Bh5 Qe7 40. Bg6 Bxa4 41.
Ng4 Be8 42. Bxe8 Rxe8 43. e5 fxe5 44. f6+ Kf7 45. Nxh6+ Kxf6 46. Qxg5+ Ke6 47.
Qf5+ Kd5 48. Rg6 Rf8 49. Ne3+ 1-0

[Event "ISL-chT 0910"]
[Site "Reykjavik"]
[Date "2010.03.06"]
[Round "7"]
[White "Thorsteinsson, Bjorn"]
[Black "Hreinsson, Hlidar Thor"]
[Result "1/2-1/2"]
[WhiteElo "2229"]
[BlackElo "2276"]
[PlyCount "102"]
[EventDate "2009.09.25"]
[EventType "team-tourn"]
[EventRounds "7"]
[EventCountry "ISL"]
[SourceTitle "OM OTB B 201907"]
[Source "Opening Master"]
[SourceDate "2019.07.06"]
[SourceVersion "2"]
[SourceVersionDate "2019.07.06"]
[SourceQuality "1"]

1. e4 c5 2. Nf3 Nc6 3. d4 cxd4 4. Nxd4 d6 5. Nc3 Nf6 6. Be2 e5 7. Nb3 Be6 8.
O-O d5 9. exd5 Nxd5 10. Nxd5 Qxd5 11. Bf3 e4 12. Qxd5 Bxd5 13. Re1 O-O-O 14.
Bg4+ Kb8 15. Bf4+ Bd6 16. Bxd6+ Rxd6 17. Bf5 Bxb3 18. axb3 Nd4 19. Bxe4 f5 20.
Bd3 Nxb3 21. Ra3 Nd4 22. Re7 g6 23. h3 Rc8 24. Rxh7 Nxc2 25. Rb3 Rb6 26. Rxb6
axb6 27. Rg7 Nb4 28. Be2 Rc6 29. Bf3 Rd6 30. Rxb7+ Kc8 31. Rg7 Nd3 32. b3 Ne5
33. Be2 Kd8 34. f4 Nc6 35. Bc4 Nd4 36. Kf2 b5 37. Bf7 Ke7 38. Rxg6 Rxg6 39.
Bxg6 Kf6 40. Be8 Ke7 41. Bh5 Nxb3 42. Ke3 Nc5 43. Be2 b4 44. Bd3 Kf6 45. g4
fxg4 46. hxg4 Ne6 47. f5 Nc7 48. Kd4 Kg5 49. Be2 b3 50. Kc3 Ne8 51. Kxb3 Nd6
1/2-1/2

[Event "FICS rated standard game"]
[Site "FICS freechess.org"]
[Date "2010.03.04"]
[Round "?"]
[White "GnuCheese"]
[Black "parrot"]
[Result "1-0"]
[WhiteElo "2246"]
[BlackElo "2194"]
[PlyCount "114"]
[EventDate "2010.??.??"]

1. e4 c5 2. Nf3 Nc6 3. d4 cxd4 4. Nxd4 Nf6 5. Nc3 d6 6. Be2 e5 7. Nf3 Be7 8.
O-O a6 9. Qd3 O-O 10. Nd5 Bd7 11. Nxe7+ Qxe7 12. Bg5 Be6 13. Rfe1 Qc7 14. Bxf6
gxf6 15. c4 Kh8 16. Rad1 Rfd8 17. Rc1 Qb6 18. Rc3 Rac8 19. Rd1 Rc7 20. a3 a5
21. Rb3 Qa7 22. Qd2 Ne7 23. Qh6 Ng6 24. Nh4 Rg8 25. Nf5 Bxf5 26. exf5 Rd7 27.
Rh3 Rg7 28. fxg6 fxg6 29. Rhd3 Qb6 30. Qd2 d5 31. Rxd5 Rxd5 32. Qxd5 h6 33.
Qd8+ Qxd8 34. Rxd8+ Kh7 35. Bf3 Rc7 36. Kf1 Rxc4 37. Rd7+ Kh8 38. Rxb7 f5 39.
Ke1 Rc1+ 40. Bd1 Rc5 41. Ke2 Rc4 42. f3 Rc1 43. Rb5 Kg7 44. Rxe5 Rb1 45. Rb5
Kf7 46. Kd2 Kf6 47. Kc2 Ra1 48. Rxa5 g5 49. Ra6+ Kg7 50. Kd2 h5 51. f4 g4 52.
Ra5 Kf6 53. Bc2 Rf1 54. Rxf5+ Ke7 55. Ke2 Rc1 56. Be4 h4 57. Rh5 Ra1 1-0

[Event "SVK-chT2C 0910"]
[Site "Slovakia"]
[Date "2010.02.28"]
[Round "11.2"]
[White "Luptak, Pavol"]
[Black "Straka, Jozef1"]
[Result "1/2-1/2"]
[WhiteElo "2086"]
[BlackElo "2221"]
[PlyCount "142"]
[EventDate "2009.10.10"]
[EventType "team"]
[EventRounds "11"]
[EventCountry "SVK"]
[SourceTitle "OM OTB B 201907"]
[Source "Opening Master"]
[SourceDate "2019.07.06"]
[SourceVersion "2"]
[SourceVersionDate "2019.07.06"]
[SourceQuality "1"]

1. e4 c5 2. Nf3 d6 3. d4 cxd4 4. Nxd4 Nf6 5. Nc3 Nc6 6. Be2 e5 7. Ndb5 a6 8.
Na3 b5 9. Nd5 Nxd5 10. exd5 Nb8 11. c4 bxc4 12. Nxc4 Be7 13. Be3 Nd7 14. O-O
O-O 15. b4 f5 16. f4 exf4 17. Bxf4 Nb6 18. Na5 Bf6 19. Rc1 Nd7 20. Be3 Ne5 21.
Nc6 Qe8 22. Qd2 Bd7 23. Nd4 g6 24. h3 Rf7 25. Rc7 Rc8 26. Rfc1 Rxc7 27. Rxc7
Qa8 28. Nf3 Bb5 29. Rxf7 Kxf7 30. Nxe5+ Bxe5 31. Bf3 Qc8 32. Bd4 Qe8 33. Bf2
Bg7 34. Bg3 Qe7 35. Bf4 Be5 36. Bg5 Qc7 37. Qf2 Kg7 38. h4 h6 39. Bd2 Qc4 40.
Kh1 Qd3 41. Qe1 Qc4 42. Qf2 Bd4 43. Qe1 Bf6 44. g3 Qd3 45. Kg2 g5 46. hxg5 hxg5
47. Qe3 Qxe3 48. Bxe3 Bc4 49. Kf2 Bxa2 50. Be2 Bc3 51. Bxg5 Bxb4 52. Bxa6 Bxd5
53. Ke3 Kg6 54. Be7 Be6 55. Bd3 Kf7 56. Bg5 Bc3 57. Bd8 Be5 58. Kf2 d5 59. Bb6
d4 60. Bd8 Ke8 61. Bb6 Kd7 62. Bb5+ Kd6 63. Ke2 Bd5 64. Bd3 Be6 65. Bb5 Kd5 66.
Kd3 Bxg3 67. Bc4+ Kd6 68. Bxe6 Kxe6 69. Bxd4 Kd5 70. Ba7 Bd6 71. Be3 f4 1/2-1/2

[Event "Oberliga Baden 0910"]
[Site "Germany"]
[Date "2010.02.28"]
[Round "7.8"]
[White "Mueller, Rudolf"]
[Black "Cserba, Andras"]
[Result "1-0"]
[WhiteElo "2208"]
[BlackElo "2174"]
[PlyCount "75"]
[EventDate "2009.10.18"]
[EventType "team-tourn"]
[EventRounds "9"]
[EventCountry "GER"]
[SourceTitle "OM OTB B 201907"]
[Source "Opening Master"]
[SourceDate "2019.07.06"]
[SourceVersion "2"]
[SourceVersionDate "2019.07.06"]
[SourceQuality "1"]

1. e4 c5 2. Nf3 Nc6 3. d4 cxd4 4. Nxd4 Nf6 5. Nc3 d6 6. Be2 e5 7. Nb3 Be6 8.
Bg5 h6 9. Bh4 g5 10. Bg3 d5 11. exd5 Nxd5 12. Ne4 f5 13. Bh5+ Ke7 14. Nec5 Nf6
15. Qe2 Nxh5 16. Bxe5 Nxe5 17. Qxe5 Qd6 18. Qxd6+ Kxd6 19. O-O-O+ Ke7 20. Rhe1
Ng7 21. Nxe6 Nxe6 22. Nc5 Kf7 23. Rd7+ Kg6 24. Rxe6+ Kh5 25. Nxb7 Rg8 26. Nd6
Bxd6 27. Rdxd6 Rh8 28. c4 Rh7 29. Kc2 f4 30. f3 Rah8 31. b4 Kh4 32. c5 h5 33.
Re4 Rf8 34. c6 g4 35. Rd7 Rff7 36. Red4 gxf3 37. gxf3 Kh3 38. c7 1-0

[Event "Niederbayernliga 0910"]
[Site "Germany"]
[Date "2010.02.28"]
[Round "7.8"]
[White "Pfaeffinger, Georg"]
[Black "Noehbauer, Andreas"]
[Result "0-1"]
[WhiteElo "1655"]
[BlackElo "1804"]
[PlyCount "62"]
[EventDate "2009.10.18"]
[EventType "team-tourn"]
[EventRounds "9"]
[EventCountry "GER"]
[SourceTitle "OM OTB B 201907"]
[Source "Opening Master"]
[SourceDate "2019.07.06"]
[SourceVersion "2"]
[SourceVersionDate "2019.07.06"]
[SourceQuality "1"]

1. e4 c5 2. Nf3 d6 3. d4 cxd4 4. Nxd4 Nf6 5. Nc3 Nc6 6. Be2 e5 7. Nb3 Be7 8.
O-O O-O 9. Be3 Be6 10. Kh1 d5 11. exd5 Nxd5 12. Nxd5 Qxd5 13. Qxd5 Bxd5 14. c4
Be6 15. Nc5 Bf5 16. Rfd1 Rfd8 17. Rxd8+ Rxd8 18. Nb3 Nd4 19. Nxd4 exd4 20. Bd2
Bc2 21. Re1 Kf8 22. Bf3 b6 23. Bd5 d3 24. Kg1 a5 25. a3 Bf6 26. b4 a4 27. b5
Be7 28. Ra1 Bc5 29. Kf1 Re8 30. Bf3 Bb3 31. Bb4 Bxc4 0-1

[Event "SVK-chT2D 0910"]
[Site "Slovakia"]
[Date "2010.02.27"]
[Round "10.5"]
[White "Kalata, Peter"]
[Black "Krak, Tomas"]
[Result "1/2-1/2"]
[WhiteElo "2205"]
[BlackElo "2202"]
[PlyCount "68"]
[EventDate "2009.10.10"]
[EventType "team"]
[EventRounds "11"]
[EventCountry "SVK"]
[SourceTitle "OM OTB B 201907"]
[Source "Opening Master"]
[SourceDate "2019.07.06"]
[SourceVersion "2"]
[SourceVersionDate "2019.07.06"]
[SourceQuality "1"]

1. e4 c5 2. Nf3 Nc6 3. d4 cxd4 4. Nxd4 Nf6 5. Nc3 d6 6. Be2 e5 7. Nb3 Be7 8.
O-O O-O 9. Kh1 a5 10. Be3 a4 11. Nd2 Nd4 12. Nc4 b5 13. Bxd4 bxc4 14. Be3 Qc7
15. Bg5 Bb7 16. Bxf6 Bxf6 17. Nd5 Qc5 18. Qd2 Bxd5 19. Qxd5 Qxd5 20. exd5 Rfc8
21. Rab1 Ra5 22. Rfd1 g6 23. g3 e4 24. Bf1 Be5 25. Kg1 a3 26. bxa3 Rxa3 27. Rb6
Rxa2 28. Rc6 Rxc6 29. dxc6 Ra6 30. Bxc4 Rxc6 31. Bd5 Rxc2 32. Bxe4 Ra2 33. f4
Ra1 34. Rxa1 Bxa1 1/2-1/2